Disney: The Jungle Book Quiz - Statistics

General Stats
  • This quiz has been taken 156 times
  • The average score is 9 of 22
Answer Stats
Question Answer % Correct
Colour of Mowglis shorts Red
90%
Who says "weave a little" Baloo
68%
Which country the film is set in India
67%
Which character narrates the film Bagheera
60%
Name of the tiger Shere Khan
60%
What does Baloo like to use to scratch his back? Tree
60%
What is "Man's red flower" Fire
59%
Who says "ooooh my sinus" Kaa
54%
What kind of animal is she? Wolf
49%
How many claws does Baloo have? 5
47%
Name the Orang Utan King Louis
47%
Which band were the vultures loosely based on? The Beatles
46%
Name of song sung by the snake Trust in me
43%
What the animals call Mowgli's hometown The Man Village
37%
Complete the line from Bare Necessities: "take a glance at..." The Fancy Ants
30%
Name of the wolf pack leader Akela
29%
Who sings "That's What Friends Are For"? The Vultures
28%
Name the leader of the elephants Colonel Hathi
16%
What does Baloo call Mowgli? Little Britches
13%
What does the Orang Utan give to Mowgli as a hat Banana skin
10%
Raksha is what relation to Mowgli? Adoptive Mother
9%
Which award does the leader of the elephants talk about? Victoria Cross
8%
No matching quizzes found
Score Distribution
Percent of People with Each Score
Percentile by Number Answered
Your Score History
You have not taken this quiz